000 02674cam a22004934i 4500
003 PE-LiUPU
005 20250731183442.0
008 150706s r 000 0 d
020 _a9788425222948
035 _a(Sirsi) i9788425222948
040 _aPE-LiUPU
_bspa
_cPE-LiUPU
_erda
049 _aPRUA
082 0 4 _a728.31
_bP49
_221
100 1 _aPfeifer, Günter,
_eautor.
245 1 0 _aCasas en hilera. Casas geminadas /
_cGünter Pfeifer y Per Brauneck.
264 1 _aBarcelona :
_bGustavo Gili,
_c2009.
300 _a112 páginas :
_bilustraciones gráficos. ;
_c30 cm.
336 _atext
_2rdacontent
337 _aunmediated
_2rdamedia
338 _avolume
_2rdacarrier
500 _aTexto en español y portugués .
504 _aIncluye bibliografía.
505 0 _aSin escalera -- Escalera longitudinal -- Escalera transversal -- Medios niveles en sentido longitudinal -- Sem escada -- Escada longitudinal -- Escada transversal -- Desnível longitudinal -- Medio niveles en sentido transversal -- Adosadas por la parte trasera -- Macla de partes delanteras y traseras -- Adosada por la parte trasera sólo en plantas inferiores -- Casa de dos zonas -- Desnível transversal -- Fachada posterior com fachada posterior -- Fachada frontal com fachada posterior -- Fachada posterior com fachada posterior só em pavimentos inferiores -- Casa em dois setores.
526 _aP158
526 _aP146
526 _aP17
526 _aP12
526 _aP06
541 _g015-0015393;
541 _g0020-0000433;
650 0 4 _aArquitectura doméstica
_vEstudio de casos.
650 0 4 _aViviendas contínuas
_vDiseños y planos.
650 0 4 _aDiseño de habitaciones (Viviendas).
700 1 _aBrauneck, Per,
_eautor.
700 1 _aPérez Mata, Emilia,
_etr.
910 _clch
_d20130705
942 _2ddc
_cBOOK
949 _a728.31 P49
_wDEWEY
_c1
_i67605
_lCCODEBUL1
_mBUL
_p35.00
_r0
_sY
_tBOOK
_u2015-7-6
_xINGENIERIA
_PP06
_o.STAFF. Colección General
949 _a728.31 P49
_wDEWEY
_c2
_i72922
_lCCODEBUL1
_mBUL
_p27.70
_r0
_sY
_tBOOK
_u2016-05-03
_xINGENIERIA
_PP06
_o.STAFF. Colección General
994 _aC0
_bPEPRU
596 _a1
999 _a728.31 P49
_wDEWEY
_c55234
_i67605
_d55234
_e2015-10-5
_f2021-11-10
_g7
_lCCODEBUL1
_mBUL
_n2
_p35.00
_r0
_sY
_tBOOK
_u2015-7-6
_xINGENIERIA
_PP06
_o.STAFF. Colección General
999 _a728.31 P49
_wDEWEY
_c2
_i72922
_d2019-3-18
_e2019-3-11
_f2021-11-10
_g7
_lCCODEBUL1
_mBUL
_n1
_p27.70
_r0
_sY
_tBOOK
_u2016-5-3
_xINGENIERIA
_PP06
_0COMPRA
_o.STAFF. Colección General 3
980 _81
_gALBERTO SANCHEZ Responsable de Automatización